Państwa z polskimi literami w nazwie - Statystyki

Ogólne statystyki
  • Ten quiz został rozwiązany 157 razy
  • Średni wynik to 17 z 25
Statystyki odpowiedzi
Odpowiedź % Poprawnych
Łotwa
87%
Białoruś
80%
Korea Północna
78%
Włochy
77%
Azerbejdżan
76%
Bośnia i Harcegowina
75%
Słowenia
75%
Słowacja
74%
Tadżykistan
73%
RPA
71%
Dżibuti
69%
Korea Południowa
67%
Mołdawia
64%
Republika Środkowoafrykańska
64%
Czarnogóra
63%
Fidżi
63%
Kambodża
63%
Węgry
63%
Wyspy Świętego Tomasza i Książęca
63%
Macedonia Północna
61%
Bułgaria
60%
Sudan Południowy
59%
Wybrzeże Kości Słoniowej
54%
Republika Zielonego Przylądka
52%
Gwinea Równikowa
45%
Nie znaleziono quizów pasujących do podanych kryteriów
Rozkład punktacji
Procent ludzi z każdym wynikiem
Percentyl według liczby udzielonych odpowiedzi
Twoja historia wyników
Nie rozwiązałeś tego quizu